|
|
|
|
| LEADER |
01168cam a2200349 a 4500 |
| 008 |
060118s2006 enk bf 001 0 eng |
| 999 |
|
|
|c 150277
|d 150277
|
| 015 |
|
|
|a GBA636954
|2 bnb
|
| 016 |
7 |
|
|2 Uk
|
| 020 |
|
|
|a 141292376X (pbk.)
|
| 020 |
|
|
|a 141292376X (pbk.)
|
| 035 |
|
|
|a (OCoLC)ocm65469418
|
| 035 |
|
|
|a (NNC)5998170
|
| 082 |
0 |
4 |
|a 519.56
|2 22
|
| 084 |
|
|
|a 31.73
|2 bcl
|
| 084 |
|
|
|a 70.03
|2 bcl
|
| 100 |
1 |
|
|a Kanji, Gopal K.
|
| 245 |
1 |
0 |
|a 100 statistical tests /
|c Gopal K. Kanji.
|
| 250 |
|
|
|a 3rd ed.
|
| 260 |
|
|
|a London ;
|a Thousand Oaks, Calif. :
|b SAGE,
|c 2006.
|
| 300 |
|
|
|a 242 p. ;
|c 25 cm.
|
| 500 |
|
|
|a Previous ed.: 1999.
|
| 504 |
|
|
|a Includes bibliographical references (p. [240]) and index.
|
| 650 |
|
0 |
|a Statistical hypothesis testing
|v Handbooks, manuals, etc.
|
| 650 |
|
0 |
|a Social sciences
|x Statistical methods.
|
| 650 |
1 |
7 |
|a Statistische toetsen.
|
| 942 |
|
|
|c BK
|
| 246 |
3 |
|
|a One hundred statistical tests
|
| 246 |
3 |
|
|a Hundred statistical tests
|
| 900 |
|
|
|a AUTH
|
| 948 |
1 |
|
|a 20061128
|b c
|c sds12
|d MPS
|
| 952 |
|
|
|0 0
|1 0
|2 ddc
|4 0
|6 519_560000000000000_GOP_H
|7 0
|9 160614
|a MCJ
|b MCJ
|c ST1
|d 2015-07-01
|i 3160
|l 0
|o 519.56 GOP/H
|p MCJ3160
|r 2015-07-01
|y BK
|